000 00678nam a22002297a 4500
003 UA-OsUOA
001 34231
007 ta
008 20050927b un ||||| |||| 00| 0 ukr d
100 _aПлачинда С. П.
090 _a821.161.2:929
_bП37
942 _cBK
040 _aUA-OsUOA
_bukr
_cUA-OsUOA
_dUA-OsUOA
245 _aОлександр Довженко
_bбіографічний роман
_cза ред. Ю. І. Солнцевої
300 _a344 с.
955 _a3
041 _aukr
080 _a821.161.2:929
260 _aК.
_bМолодь
_c1980
650 7 _a82 Література. Літературознавство
_2UDC
999 _c320663
_d320663